=LDR 00000nam 2200000 4500 =001 INLIS000000000047875 =005 20200304085944 =035 ##$$a 0010-021600000000264 =008 200304################g##########0#ger## =040 ##$$a NBPDMAT =082 ##$$a 158.1 =090 ##$$a 158.1$bPil d =100 ##$$a Pilzer, paul zane =245 1#$$a Die Nachste Billion : $b Gekurzte passung /$c Paul zane pilzer =260 ##$$a Amerika :$b Lake Dallas,$c 2002 =300 ##$$a Vii,113 Hlm ; $c 15 x 21 Cm =650 #4$$a Sukses =850 ##$$a NBPDMAT =084 ##$$a 158.1 PIL d =990 ##$$a 31500686